|
|
|
|
| LEADER |
03547nam a2200541 4500 |
| 001 |
978-3-030-27832-8 |
| 003 |
DE-He213 |
| 005 |
20191024214152.0 |
| 007 |
cr nn 008mamaa |
| 008 |
190823s2019 gw | s |||| 0|eng d |
| 020 |
|
|
|a 9783030278328
|9 978-3-030-27832-8
|
| 024 |
7 |
|
|a 10.1007/978-3-030-27832-8
|2 doi
|
| 040 |
|
|
|d GrThAP
|
| 050 |
|
4 |
|a QD380-388
|
| 072 |
|
7 |
|a PNNP
|2 bicssc
|
| 072 |
|
7 |
|a TEC055000
|2 bisacsh
|
| 072 |
|
7 |
|a PNNP
|2 thema
|
| 082 |
0 |
4 |
|a 541.2254
|2 23
|
| 100 |
1 |
|
|a Andrieux, Sébastien.
|e author.
|4 aut
|4 http://id.loc.gov/vocabulary/relators/aut
|
| 245 |
1 |
0 |
|a Monodisperse Highly Ordered and Polydisperse Biobased Solid Foams
|h [electronic resource] /
|c by Sébastien Andrieux.
|
| 250 |
|
|
|a 1st ed. 2019.
|
| 264 |
|
1 |
|a Cham :
|b Springer International Publishing :
|b Imprint: Springer,
|c 2019.
|
| 300 |
|
|
|a XXXIII, 137 p. 98 illus., 51 illus. in color.
|b online resource.
|
| 336 |
|
|
|a text
|b txt
|2 rdacontent
|
| 337 |
|
|
|a computer
|b c
|2 rdamedia
|
| 338 |
|
|
|a online resource
|b cr
|2 rdacarrier
|
| 347 |
|
|
|a text file
|b PDF
|2 rda
|
| 490 |
1 |
|
|a Springer Theses, Recognizing Outstanding Ph.D. Research,
|x 2190-5053
|
| 505 |
0 |
|
|a Introduction -- Theoretical Background -- Preliminary Work: From Liquid to Solid Foams -- Monodispers and Polydisperse Chitosan Foams via Microfluidics,. Monodisperse Highly Ordered Nanocomposite Foams -- General Conclusion and Outlook -- Experimental.
|
| 520 |
|
|
|a This book discusses the synthesis of chitosan-based solid foams using foam templating. Solid foams with pore sizes between a few micrometres and a few millimetres are widely used in a range of established and emerging applications, including filtration, catalysis, sound and thermal insulation, human protection, and tissue engineering. They are lightweight with large surface-to-volume ratios, and have excellent mechanical, acoustic, and thermal properties. However, most foaming processes are extremely complex, and there remains a lack of sound scientific understanding of-and therefore control over-the parameters that determine the properties of the material. One route towards tailor-made solid foams is liquid foam templating, where the liquid foam is generated first (with the desired structure) before being solidified into a solid foam with the desired structure. This book describes how liquid foam templating can be used to synthesise monodisperse solid foams as well as solid foams with a tuneable polydispersity.
|
| 650 |
|
0 |
|a Polymers .
|
| 650 |
|
0 |
|a Amorphous substances.
|
| 650 |
|
0 |
|a Complex fluids.
|
| 650 |
|
0 |
|a Biomaterials.
|
| 650 |
|
0 |
|a Engineering-Materials.
|
| 650 |
1 |
4 |
|a Polymer Sciences.
|0 http://scigraph.springernature.com/things/product-market-codes/C22008
|
| 650 |
2 |
4 |
|a Soft and Granular Matter, Complex Fluids and Microfluidics.
|0 http://scigraph.springernature.com/things/product-market-codes/P25021
|
| 650 |
2 |
4 |
|a Biomaterials.
|0 http://scigraph.springernature.com/things/product-market-codes/Z13000
|
| 650 |
2 |
4 |
|a Materials Engineering.
|0 http://scigraph.springernature.com/things/product-market-codes/T28000
|
| 710 |
2 |
|
|a SpringerLink (Online service)
|
| 773 |
0 |
|
|t Springer eBooks
|
| 776 |
0 |
8 |
|i Printed edition:
|z 9783030278311
|
| 776 |
0 |
8 |
|i Printed edition:
|z 9783030278335
|
| 776 |
0 |
8 |
|i Printed edition:
|z 9783030278342
|
| 830 |
|
0 |
|a Springer Theses, Recognizing Outstanding Ph.D. Research,
|x 2190-5053
|
| 856 |
4 |
0 |
|u https://doi.org/10.1007/978-3-030-27832-8
|z Full Text via HEAL-Link
|
| 912 |
|
|
|a ZDB-2-CMS
|
| 950 |
|
|
|a Chemistry and Materials Science (Springer-11644)
|